[Event "Ch Belarus"]
[Site "masterchessopen.com Minsk (Belarus)"]
[Date "2005.03.14"]
[Round "11"]
[White "Lutsko Igor (BLR)"]
[Black "Azarov Sergei (BLR)"]
[Result "0-1"]
[WhiteElo "2465"]
[BlackElo "2599"]

{ Lutsko Igor (BLR) +0 =0 -3 } 1.d4 Nf6 2.c4 e6 3.Nc3 Bb4 4.e3 O-O 5.Bd3 d5
6.a3 Bxc3+ 7.bxc3 { ?/= } 7...e5 ( 7...dxc4 8.Bxc4 c5 9.Nf3 Qa5 10.Bd2 Qc7
11.Bd3 b6 12.e4 Ba6 13.Bxa6 Nxa6 14.Qe2 Qb7 15.e5 Ne4 16.O-O Rfd8 17.Rfd1 cxd4
18.cxd4 Nxd2 19.Rxd2 h6 20.Rc1 Nc7 21.Rdc2 Nd5 22.g3 Rac8 23.Qd3 Rxc2 24.Rxc2
b5 25.Rc5 a6 26.Qe4 b4 27.axb4 { ...0-1, Gulko Boris F 2643 - Adams Michael
2755 , Internet 2000 It } ) ( 7...c5 8.cxd5 Qxd5 9.Qf3 cxd4 10.Qxd5 Nxd5
11.cxd4 b6 12.Bd2 Ba6 13.Bxa6 Nxa6 14.Nf3 Rfc8 15.Ke2 f6 16.Rhc1 Kf7 17.g4 Ne7
18.e4 Rxc1 19.Rxc1 Rc8 20.Rxc8 Nxc8 21.Kd3 Ke7 22.h4 Nd6 23.a4 e5 24.Bc3 exd4
25.Bxd4 Nb7 26.Kc4 Nac5 27.e5 { ...0-1, Milov Vadim 2635 - Georgiev Kiril 2670
, Groningen 1997 Ch World FIDE } ) ( 7...c6 8.a4 b6 9.Ba3 Re8 10.Nf3 Ba6
11.Ne5 Qc8 12.O-O Nbd7 13.f4 c5 14.Rc1 Qb7 15.Rf3 Rad8 16.Rh3 Nf8 17.Qf3 Ne4
18.dxc5 bxc5 19.Rb1 Qc7 20.Bxe4 dxe4 21.Qxe4 f6 22.Nd3 f5 23.Qe5 Qc6 24.Rg3
Ng6 25.Rxg6 hxg6 26.Nxc5 Bxc4 27.e4 { ...0-1, Milov Vadim 2565 - Rozentalis
Eduardas 2610 , Schaan 1996 It (open) } ) 8.cxd5 ( 8.Ne2 e4 9.Bb1 dxc4 10.Ng3
Re8 11.f3 exf3 12.Qxf3 Bg4 13.Qf2 c5 14.O-O cxd4 15.cxd4 Nc6 16.Bb2 Qa5 17.e4
c3 18.Bc1 Qb6 19.Be3 Qb2 20.Bc2 Be6 21.Rfb1 Ng4 22.Qe2 Nxe3 23.Rxb2 cxb2
24.Rb1 Nxd4 25.Qxe3 Nxc2 26.Qc3 Rac8 27.Qxb2 b6 { ...1-0, Petursson Margeir
2565 - Westerinen Heikki M J 2390 , Ostersund 1992 Zt } ) ( 8.dxe5 dxc4 9.exf6
Qxd3 10.Qxd3 cxd3 11.fxg7 Rd8 12.Nf3 Nc6 13.c4 Na5 14.Nd2 Be6 { 1/2-1/2,
Rechlis Gad 2470 - Sax Gyula 2600 , Manila 1990 Izt } ) ( 8.Bb2 e4 9.Be2 c6
10.h4 Nbd7 11.cxd5 cxd5 12.Nh3 Nb6 13.Nf4 Nc4 14.Qb3 b5 15.a4 Bg4 16.Ba3 Re8
17.Bxc4 bxc4 18.Qc2 Nh5 19.Nxh5 Bxh5 20.Rb1 Re6 21.Rb7 Rg6 22.Kf1 h6 23.Rh3
Bg4 24.h5 Rg5 25.Rg3 Rxh5 26.Rxg4 Qc8 27.Rxe4 Qxb7 { ...0-1, Condie Mark L
2360 - Speelman Jonathan S 2500 , Brighton 1984 Zt } ) 8...Qxd5 9.f3 exd4
10.cxd4 c5 11.Ne2 cxd4 12.Nxd4 ( 12.e4 Qc5 13.O-O Nc6 14.a4 Rd8 15.Ba3 Qa5
16.Rc1 Qc7 17.Qe1 Nd7 18.f4 Nf8 19.e5 Qa5 20.Qg3 Qd2 21.Kh1 Ng6 22.h4 Nge7
23.Rcd1 Qa2 24.Bxe7 Nxe7 25.f5 Bxf5 26.Nf4 Bxd3 27.Rxd3 Qxa4 28.e6 f6 29.Nh5
Ng6 30.Qc7 { 1-0, Mikenas Vladas I 2405 - Fairhurst William A 2300 , Hastings
1937 It } ) 12...Nc6 ( 12...Nbd7 13.O-O Nc5 14.Bc2 b6 15.Bb2 Qg5 16.Re1 Re8
17.Qd2 Bd7 18.Qf2 Ba4 19.Bb1 Rad8 20.h4 Qd5 21.Nf5 Qe6 22.Qg3 g6 23.Qg5 Nh5
24.Nh6+ Kf8 25.Ng4 Kg8 26.Ba2 Bb3 27.Bxb3 Nxb3 28.Rad1 Rd6 29.e4 Nc5 30.Nh6+
Kf8 31.Rxd6 Qxd6 32.Nf5 { ...0-1, Sanguinetti Raul 2485 - Wexler Francisco,
Buenos Aires 1955 Ch Argentina } ) 13.Nxc6 { +0.26 CAP } 13...Qxc6 14.Bb2 { N
} ( 14.O-O Be6 15.Bb2 Rfd8 16.Bd4 Bc4 17.Rc1 b5 18.Qc2 Qd6 19.Bxc4 bxc4 20.Qa2
Rdc8 21.Rxc4 Rxc4 22.Qxc4 Qxa3 23.Ra1 Qe7 24.Ra6 h6 25.Qc6 Qe8 26.Qd6 Rd8
27.Qg3 Rd7 28.h3 Kh7 29.Qf4 Nd5 30.Qg4 g6 31.Qh4 Nxe3 32.Qf6 Nf5 33.Be5 Qf8 {
...1/2-1/2, Furman Semen 2550 - Kholmov Ratmir D 2434 , Leningrad 1963 Ch URS
} ) 14...Be6 15.Rc1 Qd7 16.O-O Rfd8 17.Bd4 Qe7 18.Qa4 Nd5 19.Bc5 Qf6 20.Bd4
Qe7 21.Bb1 f5 22.Rfe1 b6 23.e4 fxe4 24.Bxe4 Qf7 25.Qc2 Rac8 26.Qb2 { ?! } (
26.Bxh7+ { !? } 26...Kh8 27.Qe4 Rxc1 { } ) 26...Rxc1 27.Rxc1 Qd7 28.Be5 { ?! }
( 28.Re1 { !? } 28...Rf8 29.Qc2 Bf5 30.Qb3 { } ) 28...Ne3 29.Qb4 Nc4 30.Bg3 a5
31.Qc3 b5 32.Bf2 Qd6 33.Ra1 a4 34.h4 Bf7 35.Bc2 Qf4 36.Bd3 h6 37.Rb1 { ? } (
37.Re1 Qf6 38.Qxf6 gxf6 39.Bxc4 { } ) 37...Qd2 { } {#R} 0-1

[Event "Cup Doeberl (b)"]
[Site "masterchessopen.com Canberra (Australia)"]
[Date "2005.03.27"]
[Round "5"]
[White "Dunn Michael"]
[Black "Harris Benjamin (AUS)"]
[Result "1-0"]
[WhiteElo "1797"]
[BlackElo "2006"]

1.d4 Nf6 2.c4 e6 3.Nc3 Bb4 4.e3 O-O 5.Bd3 d5 6.a3 Bxc3+ 7.bxc3 c5 8.cxd5 exd5
9.Ne2 Qe7 10.O-O Nc6 11.f3 c4 12.Bc2 b5 13.Ng3 a5 14.e4 h6 15.e5 Nh7 16.f4 f6
17.Bd2 f5 18.Qb1 g6 19.Qxb5 Qe6 20.Rfb1 Bd7 21.Qc5 a4 22.Rb6 Rfc8 23.Rab1 Nf8
24.Nf1 Qf7 25.Qd6 Na5 26.R1b4 Nb3 27.Be1 Nc1 28.Ne3 Be6 29.Rb7 Nd7 30.Bxa4
Rxa4 31.Rxa4 Ne2+ 32.Kf1 Nxf4 33.Ra6 Re8 34.g3 g5 35.gxf4 gxf4 36.Rxd7 Qh5
37.Rd8 Qf3+ 38.Bf2 Qh3+ 39.Ke1 fxe3 40.Qxe6+ {#r} 1-0

[Event "Ch France (juniors)"]
[Site "masterchessopen.com Calvi (France)"]
[Round "2"]
[White "Ludwig Remi (FRA)"]
[Black "Ollier Pablo (FRA)"]
[Result "1-0"]
[WhiteElo "2097"]
[BlackElo "1970"]

1.d4 e6 2.c4 Nf6 3.Nc3 Bb4 4.e3 O-O 5.Bd3 d5 6.a3 Bxc3+ 7.bxc3 b6 8.Ne2 Ba6
9.cxd5 Bxd3 10.Qxd3 exd5 11.O-O Re8 12.f3 Nc6 13.Ng3 Na5 14.e4 Nb3 15.Ra2 Qe7
16.e5 Nd7 17.Nf5 Qe6 18.Be3 c5 19.f4 c4 20.Qb1 Rf8 21.Rf3 Kh8 22.Nxg7 Qg6
23.Nf5 Rg8 24.Rg3 Qh5 25.Rf2 Rxg3 26.Nxg3 Qg6 27.Qxg6 hxg6 28.f5 gxf5 29.Nxf5
Kg8 30.Nh6+ Kf8 31.Rxf7+ Ke8 32.e6 Nf8 33.Bg5 Ng6 34.Rg7 {#r} 1-0

[Event "Ch France (team) 2005"]
[Site "masterchessopen.com France"]
[Date "2005.04.02"]
[Round "6"]
[White "Assad Karine (FRA)"]
[Black "Heinz Timothee (FRA)"]
[Result "0-1"]
[WhiteElo "2054"]
[BlackElo "2253"]

1.d4 Nf6 2.c4 e6 3.Nc3 Bb4 4.e3 O-O 5.Bd3 d5 6.a3 Bxc3+ 7.bxc3 dxc4 8.Bxc4
Nbd7 9.Nf3 b6 10.O-O Bb7 11.a4 a6 12.Bd3 Re8 13.Nd2 e5 14.c4 exd4 15.exd4 Nf8
16.Nb3 a5 17.Qc2 Ng6 18.Bg5 Qd6 19.f3 h6 20.Bxf6 Qxf6 21.Be4 Bc6 22.d5 Bb7
23.Rfd1 Rad8 24.Nd4 Ne5 25.Rab1 Nd7 26.Nb5 c6 27.Nc3 cxd5 28.Bxd5 Bxd5 29.Nxd5
Qc6 30.Kh1 Rc8 31.Rd4 Qc5 32.Qb2 Rc6 33.h3 Rce6 34.Rg4 Ne5 35.Rg3 Qxc4 36.Nxb6
Qf4 37.Qf2 Nd3 {#R} 0-1

[Event "Ch Spain (team) (Premier North)"]
[Site "masterchessopen.com Barcelona (Spain)"]
[Date "2005.08.13"]
[Round "5"]
[White "Limeres Cristobal (ESP)"]
[Black "Hernando Rodrigo Julio A (ESP)"]
[Result "0-1"]
[WhiteElo "2254"]
[BlackElo "2361"]

1.d4 Nf6 2.c4 e6 3.Nc3 Bb4 4.e3 O-O 5.Bd3 d5 6.a3 Bxc3+ 7.bxc3 dxc4 8.Bxc4 c5
9.Ne2 e5 10.O-O Qc7 11.Ba2 Rd8 12.Bb2 Nc6 13.f3 e4 14.Ng3 Ne5 15.Qb1 cxd4
16.cxd4 Nc4 17.Bxc4 Qxc4 18.Rc1 Qb3 19.Rc3 Qb6 20.fxe4 Re8 21.Qc2 Nxe4 22.Nxe4
Bf5 23.Qb3 Qxb3 24.Rxb3 Bxe4 25.Rc1 Bc6 26.Rd3 Rad8 27.Rc5 Bd5 28.Rdc3 h5
29.Bc1 Kh7 30.Bd2 Re6 {#R} 0-1

[Event "It (open) (b)"]
[Site "masterchessopen.com Polanica Zdroj (Poland)"]
[Date "2005.08.22"]
[Round "4"]
[White "Jaworski Maciej (POL)"]
[Black "Rychlik Hanna (POL)"]
[Result "1-0"]
[WhiteElo "2203"]
[BlackElo "1982"]

1.d4 Nf6 2.c4 e6 3.Nc3 Bb4 4.e3 O-O 5.Bd3 d5 6.a3 Bxc3+ 7.bxc3 c5 8.Ne2 Nc6
9.cxd5 exd5 10.O-O c4 11.Bc2 Qa5 12.f3 Re8 13.Bd2 Qc7 14.Ng3 h5 15.Qe2 g6
16.Rae1 h4 17.Nh1 Kg7 18.e4 Be6 19.e5 Nd7 20.Qf2 Qd8 21.Be3 Rh8 22.Qd2 b5
23.Bg5 Qa5 24.f4 Bf5 25.Bxf5 gxf5 26.Qc2 Nd8 27.Qxf5 Ne6 28.Bf6+ Nxf6 29.Qxf6+
Kg8 30.f5 Nxd4 31.Rf4 Nf3+ 32.Rxf3 Qxa3 33.Rf4 Rh7 34.e6 fxe6 35.Rg4+ {#r} 1-0

[Event "It (open)"]
[Site "masterchessopen.com Albacete (Spain)"]
[Date "2005.09.05"]
[Round "7"]
[White "Serna Lara Sergio (ESP)"]
[Black "Krug Cortegoso Martin (ESP)"]
[Result "1-0"]
[WhiteElo "2191"]
[BlackElo "2151"]

1.d4 Nf6 2.c4 e6 3.Nc3 Bb4 4.e3 O-O 5.Bd3 d5 6.a3 Bxc3+ 7.bxc3 c5 8.Ne2 Nc6
9.cxd5 exd5 10.O-O c4 11.Bc2 Re8 12.f3 b5 13.Ng3 Be6 14.e4 Qb6 15.Bg5 Nd7
16.Kh1 Nf8 17.e5 Nd7 18.f4 f5 19.Bxf5 a5 20.Qg4 Nd8 21.Bxh7+ Kxh7 22.Qh5+ Kg8
23.Qxe8+ Nf8 24.Be7 {#r} 1-0

[Event "It (open) \"]
[Site "masterchessopen.com Prague (Czech Republic)"]
[Date "2005.09.19"]
[Round "5"]
[White "Netusil Miroslav (CZE)"]
[Black "Srba Milan (CZE)"]
[Result "1-0"]
[WhiteElo "2333"]
[BlackElo "2213"]

1.d4 e6 2.c4 Nf6 3.Nc3 Bb4 4.e3 O-O 5.Bd3 d5 6.a3 Bxc3+ 7.bxc3 Nc6 8.cxd5 exd5
9.Ne2 Bg4 10.f3 Bh5 11.Nf4 Re8 12.O-O Bg6 13.Nxg6 hxg6 14.Ra2 Na5 15.Re2 c5
16.e4 dxe4 17.fxe4 cxd4 18.e5 Nd5 19.e6 fxe6 20.Bxg6 Rf8 21.Rxf8+ Kxf8 22.Rf2+
Nf6 23.Qh5 Ke7 24.Qc5+ Kd7 25.Qxd4+ Kc6 26.Qe3 Qd1+ 27.Rf1 Qd6 28.Qe2 Rd8
29.a4 Qc5+ 30.Be3 Qc4 31.Qf2 b6 32.Bd4 Qxa4 33.Qf3+ Nd5 34.Qf7 Nc4 35.Be4 Nd6
36.Qxe6 Qc4 37.Rf7 Kb5 38.Bxd5 Qd3 39.Rf1 {#r} 1-0

[Event "It (b)"]
[Site "masterchessopen.com Skanderborg (Denmark)"]
[Date "2005.10.15"]
[Round "2"]
[White "Rendboe John (DEN)"]
[Black "Michalczak Thomas (GER)"]
[Result "0-1"]
[WhiteElo "2245"]
[BlackElo "2386"]

1.d4 Nf6 2.c4 e6 3.Nc3 Bb4 4.e3 O-O 5.Bd3 d5 6.a3 Bxc3+ 7.bxc3 dxc4 8.Bxc4 c5
9.Ne2 Qc7 10.Ba2 b6 11.f3 Ba6 12.O-O Nbd7 13.e4 Rac8 14.Bb1 Rfd8 15.Ra2 Bc4
16.Rb2 h6 17.Be3 b5 18.Re1 Qa5 19.Ba2 Qxa3 20.Qb1 cxd4 21.Bxd4 e5 22.Bf2 a6
23.Bxc4 Rxc4 24.Ra2 Qd6 25.Rd1 Qe6 26.Rad2 Rc6 27.Qb4 Rdc8 28.Ng3 g6 29.Rd6
Rxd6 30.Rxd6 a5 31.Qa3 Qe7 {#R} 0-1

[Event "Memorial M.Chigorin (open)"]
[Site "masterchessopen.com St.Petersburg (Russia)"]
[Date "2005.10.23"]
[Round "9"]
[White "Zakharchenko Arnold (UKR)"]
[Black "Kuznetsov Gennady (RUS)"]
[Result "1-0"]
[WhiteElo "2273"]
[BlackElo "2416"]

1.d4 Nf6 2.c4 e6 3.Nc3 Bb4 4.e3 O-O 5.Bd3 d5 6.a3 Bxc3+ 7.bxc3 c5 8.Bb2 Nc6
9.Ne2 e5 10.cxd5 Qxd5 11.O-O exd4 12.cxd4 Bf5 13.Nf4 Qd7 14.d5 Ne7 15.Bxf6
gxf6 16.Nh5 Kh8 17.Qf3 Rg8 18.Nxf6 Qd6 19.Nxg8 Bxd3 20.Nxe7 Qxe7 21.Rfd1 Be4
22.Qf4 Rg8 23.f3 Bg6 24.e4 c4 25.d6 Qd8 26.d7 Qb6+ 27.Kh1 c3 28.Rd6 Qd8
29.Qe5+ f6 30.Qxc3 Kg7 31.e5 fxe5 32.Qxe5+ Kh6 33.Rad1 {#r} 1-0

[Event "Memorial E.Geller (active)"]
[Site "masterchessopen.com Odessa (Ukraine)"]
[Date "2006.07.04"]
[Round "8"]
[White "Korchnoi Viktor (SUI)"]
[Black "Lautier Joel (FRA)"]
[Result "1-0"]
[WhiteElo "2607"]
[BlackElo "2656"]

{ Korchnoi Viktor (SUI) +1 =1 -2 Lautier Joel (FRA) +0 =1 -1 } 1.d4 Nf6 2.c4
e6 3.Nc3 Bb4 4.e3 O-O 5.Bd3 d5 6.a3 Bxc3+ 7.bxc3 dxc4 8.Bxc4 c5 9.Ne2 ( 9.Nf3
b6 10.O-O Bb7 11.Bb2 Nbd7 12.Bd3 Qc7 13.c4 Rad8 14.Re1 Be4 15.Bxe4 Nxe4 16.Rc1
Rfe8 17.Qc2 Qb7 18.Rcd1 Nf8 19.Ne5 f6 20.Ng4 h5 21.f3 hxg4 22.fxe4 Qf7 23.e5
fxe5 24.Rf1 Qh5 25.dxe5 Ng6 26.Rd6 Rf8 27.Rxd8 Rxd8 28.Qe4 Nh4 { ...1/2-1/2,
Korchnoi Viktor 2665 - Gligoric Svetozar 2565 , Buenos Aires 1978 Olympiad } )
9...Nc6 10.O-O Qc7 11.Ng3 ( 11.Ba2 b6 12.Ng3 Rd8 13.Bb2 Ba6 14.Re1 Na5 15.e4
Ne8 16.e5 Bc4 17.Bxc4 Nxc4 18.Bc1 cxd4 19.cxd4 Rd5 20.Qg4 Rad8 21.Be3 Nxe3
22.fxe3 Qe7 23.Nh5 f5 24.Qf3 R5d7 25.Nf4 Nc7 26.Qc6 Re8 27.Rac1 Nd5 28.Nxd5
Rxd5 29.g3 h5 30.Rf1 Rdd8 { ...1-0, Ibragimov Ildar 2585 - Tiviakov Sergei
2590 , Elista 1997 Ch Russia (olympic system) } ) ( 11.Bb2 Rd8 12.Ba2 b6
13.Re1 Bb7 14.Ng3 Rd7 15.Qe2 Rad8 16.Rad1 h6 17.h3 Qc8 18.Bc4 Na5 19.Bd3 Nc6
20.f3 Qb8 21.Qf2 e5 22.Nf5 exd4 23.cxd4 cxd4 24.Nxd4 Ne5 25.Bf5 Rd6 26.a4 Nc4
27.Ba1 a6 28.Rb1 Nd5 29.Bd3 Ne5 30.Bf1 Ne7 { ...1/2-1/2, Petrosian Tigran V
2615 - Korchnoi Viktor 2695 , Velden 1980 Ch World (match) (cand.) (1/4) } )
11...Rd8 { = } 12.Qc2 { -0.15 CAP } ( 12.Ba2 b6 13.Bb2 Ba6 14.Re1 Rac8 15.Qa4
Na5 16.Rac1 Qd7 17.Qd1 Bc4 18.Bb1 Qb5 19.Qc2 Bb3 20.Qd3 Qxd3 21.Bxd3 Rc7 22.e4
Bc4 23.Bb1 Nb3 24.Rcd1 Rcd7 25.Ba2 Na5 26.Bb1 Bb3 27.Rd2 Nc4 28.Rde2 cxd4
29.cxd4 Nxb2 30.Rxb2 Bc4 31.d5 exd5 { ...0-1, Bach Matthias 2315 - Berelovich
Aleksandar 2571 , Hamburg 5. 6.2006 Ch Hamburg (open) } ) 12...b6 { N } (
12...Na5 13.Bd3 c4 14.Be2 b5 15.e4 Nb3 16.Ra2 Nxc1 17.Qxc1 Bb7 18.Qe3 h6 19.f4
a5 20.f5 e5 21.d5 Ba6 22.Nh5 Nxh5 23.Bxh5 Qa7 24.Qxa7 Rxa7 25.f6 g6 26.Bd1 Rb7
27.g4 Rd6 28.h4 Rdb6 29.h5 Rd7 30.g5 hxg5 31.Rg2 Rdd6 32.hxg6 { ...1-0, Sieber
H 1800 - Nicklich Wolfgang, DDR 1978 corr. } ) 13.Be2 Na5 14.dxc5 Qxc5 15.e4
Bb7 16.Be3 Qe7 17.e5 Nd5 18.Bd2 Qh4 19.f4 Rac8 20.Ne4 Nc4 21.Bxc4 Rxc4 22.Nd6
Rc7 23.Rf3 Qe7 24.c4 Rxd6 25.exd6 Qxd6 26.Rc1 Qc5+ 27.Rf2 b5 { ? } ( 27...Qxa3
28.Qb1 Nf6 29.Bb4 Qa4 30.Rd1 Qe8 31.Rfd2 Rc8 32.Rd4 h6 33.Qd3 e5 34.fxe5 { } )
28.Ba5 bxc4 29.Bxc7 Qxc7 30.Qxc4 Qd7 31.Qd4 Ba6 32.f5 h6 33.fxe6 fxe6 34.Qc5
Nf6 35.Qc6 Qd3 36.Qxe6+ Kh8 37.Rxf6 gxf6 38.Qxf6+ Kg8 39.Qe6+ Kh8 40.Qxh6+ { }
{#r} 1-0

[Event "Ch France (accession)"]
[Site "masterchessopen.com Besancon (France)"]
[Date "2006.08.21"]
[Round "6"]
[White "Quach Charlie (FRA)"]
[Black "Delabaca Romuald (FRA)"]
[Result "1-0"]
[WhiteElo "2162"]
[BlackElo "2172"]

1.d4 Nf6 2.c4 e6 3.Nc3 Bb4 4.e3 O-O 5.Bd3 d5 6.a3 Bxc3+ 7.bxc3 c5 8.cxd5 exd5
9.Ne2 Nbd7 10.O-O c4 11.Bc2 Re8 12.f3 Nf8 13.Ng3 Ng6 14.e4 dxe4 15.fxe4 Bg4
16.Qd2 Qc7 17.Qf2 Be6 18.h3 h5 19.Bd2 h4 20.Ne2 Bc8 21.e5 Nd5 22.Qf3 Be6
23.Qh5 Nde7 24.Rf6 Nd5 25.Rxg6 fxg6 26.Bxg6 Re7 27.Rf1 {#r} 1-0

[Event "It (cat.20)"]
[Site "masterchessopen.com Hoogeveen (Netherlands)"]
[Date "2006.10.26"]
[Round "4"]
[White "Sokolov Ivan (NED)"]
[Black "Polgar Judit (HUN)"]
[Result "0-1"]
[WhiteElo "2670"]
[BlackElo "2710"]

{ Polgar Judit (HUN) +0 =1 -0 } 1.d4 Nf6 2.c4 e6 3.Nc3 Bb4 4.e3 O-O 5.Bd3 d5
6.a3 Bxc3+ 7.bxc3 dxc4 8.Bxc4 c5 9.Ne2 Qc7 10.Ba2 b6 11.O-O ( 11.Bb2 Ba6
12.O-O Nbd7 13.f3 Rfd8 14.Rf2 Rac8 15.Qe1 Qb8 16.Rd1 cxd4 17.cxd4 Bc4 18.Bb1
Bb3 19.Rc1 b5 20.Rxc8 Rxc8 21.Nc1 Ba4 22.Nd3 Nd5 23.e4 Nf4 24.Nb4 a5 25.Na2
Qb6 26.Qd2 Ng6 27.Bc3 Ra8 28.Nc1 Ne7 29.Ba2 Rc8 30.Nd3 Qd6 { ...1-0, Granda
Zuniga Julio E 2634 - Kogan Artur 2567 , Sort 3. 7.2006 It (open) } ) 11...Ba6
{ = } 12.Re1 ( 12.f3 Nc6 13.Rf2 Rad8 14.Ng3 Rfe8 15.Qe1 cxd4 16.cxd4 e5 {
1/2-1/2, Djuric Stefan 2460 - Czebe Attila 2497 , Lenk 3.2005 It (open) } )
12...Nc6 13.Ng3 ( 13.Bb2 Na5 14.Ng3 Bc4 15.e4 Bxa2 16.Rxa2 Rac8 17.Ba1 Rfd8
18.a4 Qb7 19.Qd3 { 1/2-1/2, Levitt Jonathan 2431 - Speelman Jonathan S 2541 ,
London/Crowthorne 19. 8.2006 Memorial G.Staunton (cat.11) } ) ( 13.Bb1 Rad8
14.Ng3 Na5 15.e4 cxd4 16.e5 dxc3 17.Qf3 Bb7 18.Qe2 Qc6 19.f3 Nd5 20.Qc2 g6
21.Ne4 Nc4 22.Nf2 Nd2 23.Ba2 Nf4 24.Ne4 Nh3+ 25.Kh1 Nxe4 26.fxe4 Qxe4 27.Rxe4
Bxe4 28.Qe2 Rd1+ 29.Qxd1 Nf2+ 30.Kg1 Nxd1 { 0-1, Piot Olivier 2223 -
Shchekachev Andrei 2580 , Saint-Quentin 2001 It (open) } ) 13...Rad8 (
13...Rfd8 14.Nh5 Nxh5 15.Qxh5 Na5 16.d5 exd5 17.Bxd5 Bb7 18.c4 b5 19.Bxb7 Qxb7
20.Rb1 Nxc4 21.Qxc5 Rab8 22.a4 a6 23.axb5 axb5 24.h3 Rdc8 25.Qb4 h6 26.e4 Qc7
27.Rb3 Re8 28.Rd3 Qc6 29.Bf4 Rbd8 30.Rxd8 Rxd8 31.Bg3 Rd2 32.Kh2 Rd4 33.Qe7 {
...1/2-1/2, Aleksandrov Aleksej 2595 - Itkis Boris 2465 , Kishinev 1998 It
(cat.12) } ) 14.Bb2 ( 14.Nh5 Nxh5 15.Qxh5 Bd3 16.Bb2 c4 17.e4 e5 18.d5 Ne7
19.Bb1 f5 20.Bxd3 cxd3 21.Rad1 fxe4 22.c4 Ng6 23.Rxe4 Qc5 24.Re3 e4 25.Bc1 Nf4
26.Qe5 Rde8 27.Qb2 Qxc4 28.h3 Qxd5 29.Kh1 Rc8 30.Rg3 Ng6 31.Be3 Rfd8 { 0-1,
Lepan Marvin 2198 - Leconte Maria 2345 , France 4. 5.2006 Ch France (team)
2006 } ) ( 14.Qf3 Na5 15.Rd1 e5 16.d5 Ne8 17.e4 Nd6 18.h4 Bc4 19.Bxc4 Naxc4
20.a4 Qd7 21.Qe2 Rde8 22.Nf1 f5 23.exf5 Qxf5 24.Ne3 Qe4 25.g3 Rf3 26.Ra2 Nxe3
27.Bxe3 Qg4 28.Kg2 Ref8 29.Rh1 Ne4 { 0-1, Kovacevic Blazimir 2503 - Kutuzovic
Branko 2369 , Zadar 16.12.2004 It (open) } ) 14...e5 { +0.52 CAP } ( 14...Na5
{ +0.07 CAP } ) 15.Qc2 { N } ( 15.Rc1 Na5 16.Qf3 Rfe8 17.e4 Bc4 18.Bb1 Nb3
19.d5 Nxc1 20.Bxc1 Rd6 21.Nf5 Nd7 22.Nxd6 Qxd6 { 1/2-1/2, Illescas Cordoba
Miguel 2626 - Vallejo Pons Francisco 2678 , Sanxenxo 23.11.2004 Ch Spain
(team) } ) 15...Rd7 16.Rad1 Rfd8 17.h3 c4 18.a4 Re8 19.Ba3 e4 20.Bb1 Rd5
21.Ne2 Rg5 22.Nf4 Bc8 23.Qe2 Qd7 24.Qxc4 Na5 25.Qb4 Nd5 26.Nxd5 Qxd5 27.h4 Rg4
28.Qb5 Qd8 29.g3 { ?! } ( 29.Bd6 { !? } 29...Bd7 30.Qb4 Nc6 31.Qa3 Qxh4 32.Bg3
Qe7 { } ) 29...a6 30.Qb4 Qxh4 31.Bxe4 Rxg3+ 32.fxg3 Qxe4 33.Rd2 { ?! } (
33.Qb1 { !? } 33...Qf3 34.Qa2 Nc4 35.Bc1 Bg4 36.Qf2 Qe4 37.Rf1 Re7 38.Rde1 Bh3
{ } ) 33...Qf3 34.Kh2 Qh5+ 35.Kg1 Qf3 36.Kh2 Bf5 37.e4 Bxe4 38.Rxe4 Qxe4 39.d5
Nc4 { } {#R} 0-1

[Event "Ch Central FO (team)"]
[Site "masterchessopen.com Verkhnedneprovsk (Russia)"]
[Date "2006.12.06"]
[Round "7"]
[White "Provotorov Ivan (RUS)"]
[Black "Benza Artyom (RUS)"]
[Result "0-1"]
[WhiteElo "2358"]
[BlackElo "2295"]

1.d4 Nf6 2.c4 e6 3.Nc3 Bb4 4.e3 O-O 5.Bd3 d5 6.a3 Bxc3+ 7.bxc3 c5 8.cxd5 exd5
9.Ne2 b6 10.O-O Ba6 11.f3 Bxd3 12.Qxd3 cxd4 13.cxd4 Re8 14.Ng3 Nc6 15.Bb2 Rc8
16.Rad1 Na5 17.e4 Qc7 18.Rc1 Nc4 19.Ba1 Qf4 20.e5 Nd7 21.Rce1 Qd2 22.Qb3 Qa5
23.Nf5 g6 24.Bc3 Qa6 25.Ne3 Nxe3 26.Rxe3 Qc4 27.Qc2 Qxd4 28.Qxg6+ hxg6 29.Bxd4
Nc5 30.Rd1 Ne6 31.Bc3 Red8 32.Bb4 d4 33.Re2 Rd5 34.Be7 d3 35.Kf2 a5 36.Bd6
dxe2 37.Rxd5 Nf4 38.Rd4 Rc1 39.Re4 e1=Q+ {#R} 0-1

[Event "Ch Estonia"]
[Site "masterchessopen.com Tallinn (Estonia)"]
[Date "2007.01.22"]
[Round "4"]
[White "Kunitson N"]
[Black "Kulaots Kaido (EST)"]
[Result "0-1"]
[WhiteElo "2104"]
[BlackElo "2547"]

1.d4 Nf6 2.c4 e6 3.Nc3 Bb4 4.e3 O-O 5.Bd3 d5 6.a3 Bxc3+ 7.bxc3 dxc4 8.Bxc4 c5
9.Ne2 Qc7 10.Bd3 Nc6 11.O-O e5 12.f4 e4 13.Bb1 Na5 14.Ng3 Re8 15.f5 Bd7 16.Rf4
cxd4 17.cxd4 Ba4 18.Qe1 Nb3 19.Bb2 Nxa1 20.Bxa1 Rac8 21.Bb2 Qb6 22.Ba1 Qc6
23.Bb2 Qd5 24.Qd2 Bb5 25.h3 b6 26.Kh2 Rc7 27.Qd1 Bc4 28.Qc2 Qd6 29.Qa4 Bd3
30.Ba2 b5 31.Qa5 Rc2 32.Qxa7 Qd7 33.Qxd7 Nxd7 {#R} 0-1

[Event "It (open) \"]
[Site "masterchessopen.com Wroclaw (Poland)"]
[Date "2007.04.28"]
[Round "1"]
[White "Litwin Barbara (POL)"]
[Black "Warakomska Anna (POL)"]
[Result "0-1"]
[WhiteElo "1786"]
[BlackElo "2167"]

1.d4 Nf6 2.c4 e6 3.Nc3 Bb4 4.e3 O-O 5.Bd3 d5 6.a3 Bxc3+ 7.bxc3 c5 8.cxd5 exd5
9.Ne2 b6 10.O-O Ba6 11.Ng3 cxd4 12.cxd4 Bxd3 13.Qxd3 Nc6 14.f3 Re8 15.Ra2 Rc8
16.Re2 Rc7 17.Rd1 Qc8 18.Bb2 Na5 19.e4 Nc4 20.Ba1 Qa6 21.e5 Nd7 22.Ra2 b5
23.Qb3 Qb6 24.Kh1 a6 25.f4 Qh6 26.Qf3 Ndb6 27.Re2 a5 28.f5 Rc6 29.Bc3 Na4
30.Bd2 Nxd2 31.Rdxd2 Rc1+ 32.Nf1 Nc3 33.Rb2 Nxe2 34.Rxe2 Qc6 35.g4 Qc3 36.Qf4
Re1 37.Rf2 Re4 38.Qg5 Qxd4 39.f6 Rxg4 40.Qh5 Qxf2 {#R} 0-1